000 00758nam a2200217Ia 4500
008 191130s2004##################000#0#eng##
020 _a9780774811217
040 _aACL
_cACL
082 _a327.71052090 MEE
100 _aMeehan, John D
245 _aThe dominion and the rising sun: Canada encounters Japan, 1929-41
_cJohn D. Meehan
260 _aVancouver, Toronto
_bUBC Press
_cc2004
300 _axii, 250 p. ; maps, tables, ; 23 cm
500 _aIncludes bibliographical references (p.231-236 ) and index
650 _aCanada - Foreign relations - Japan
650 _aCanada--Foreign relations - 1981-1945
650 _aJapan - Foreign relations - Canada
990 _af69fc36bac10000c583d7f433d051180
991 _a130499
999 _c303242
_d303242